| 000 | 01130nam a2200289 a 4500 | ||
|---|---|---|---|
| 001 | 71904 | ||
| 003 | BD-RjUL | ||
| 005 | 20211209082200.0 | ||
| 008 | 170509s1962 E 001 0 eng d | ||
| 035 | _a(BD-RjUL)72120 | ||
| 040 |
_aDLC _cOAkU _dPPD _dOCoLC _dBD-RjUL _beng |
||
| 041 | 1 | _aengrus | |
| 082 |
_a620.16 _223 _bSES 1962 |
||
| 100 | 1 |
_aSemenchenko, V. K. _9212680 |
|
| 245 | 1 | 0 |
_aSurface Phenomena In Metals And Alloys / _cV K Semenchenko ;Translated from the Russian by N. G. Anderson ; Edited by R. Kennedy. |
| 260 |
_aOxford, _aNew York : _bPergamon Press; [distributed in U.S. A. by] Addison-Wesley Pub. Co.] _aReading, Mass., _cc1962. |
||
| 300 |
_axx, 466 p. : _bill. ; _c23 cm. |
||
| 490 | 0 | _aAdiwes international series in metallurgy and materials | |
| 504 | _aIncludes bibliography & Index. | ||
| 650 | 0 |
_aSurfaces (Technology) _9212681 |
|
| 650 | 0 |
_aMetals. _9212682 |
|
| 700 |
_aTranslated from the Russian by Anderson, N. G. _9212683 |
||
| 700 |
_a Edited by Kennedy, R. _9212684 |
||
| 856 | _3Adiwes international series in metallurgy and materials | ||
| 942 |
_2ddc _cBK |
||
| 999 |
_c71904 _d71904 |
||